|
|
|
|
| LEADER |
00000njm a2200000 a 4500 |
| 001 |
vtls009630331 |
| 003 |
SK-MaSNL |
| 005 |
20260301171425.0 |
| 007 |
sd fsngnnmmned |
| 008 |
090722s2006 xo renug d u slo |
| 015 |
|
|
|a SNBJ2010/01-00206
|
| 028 |
2 |
2 |
|a R57 0003 2 331
|b Agentúra DUNA
|
| 040 |
|
|
|a SNK
|b slo
|c SNK
|e AACR2
|
| 041 |
0 |
|
|a slo
|
| 044 |
|
|
|a xo
|c SK
|
| 072 |
|
7 |
|a 784
|x Vokálna hudba
|2 konspekt
|
| 080 |
|
|
|a 784.4
|2 2001
|
| 080 |
|
|
|a 78.036
|2 2001
|
| 080 |
|
|
|a (086.76)
|2 2001
|
| 110 |
2 |
|
|a Konflikt (hudobná skupina)
|4 aut
|9 86213
|
| 245 |
1 |
0 |
|a Sapere aude
|h zvukový dokument
|c Konflikt
|
| 260 |
|
|
|a [Piešťany]
|b Agentúra DUNA
|c 2006
|
| 300 |
|
|
|a 1 zvuková platňa
|b digital, stereo
|c 12 cm
|e 1 príloha ([24] s.)
|
| 500 |
|
|
|a V prílohe texty piesní
|
| 500 |
|
|
|a Obsahuje 12 piesní
|
| 505 |
0 |
|
|a Intro-Tolerancia -- Mŕtva planéta II -- Rebel -- Slepá viera -- Maroško -- Cesta na koncert -- Vzor#1 -- Vzor#2 -- Moja cesta -- Láska z parku -- Zlý žart -- Neverte politikom -- "Priatelia"
|
| 650 |
0 |
7 |
|a populárne piesne
|2 SNKPH
|9 3446
|
| 650 |
0 |
7 |
|a rock
|2 SNKPH
|9 3179
|
| 650 |
0 |
7 |
|a punk (hudba)
|2 SNKPH
|9 4903
|
| 655 |
|
7 |
|a kompaktné platne
|2 SNKPH
|9 70690
|
| 999 |
|
|
|c 830787
|d 832717
|
| 952 |
|
|
|a SNK
|b SNK
|y PREZ
|7 0
|p 17A0627010
|o snkSCD 2345
|i snk2009/13251
|8 0
|0 0
|1 0
|4 0
|d 2009-07-22
|l 0
|r 2026-02-24 03:36:59
|w 2026-02-24
|
| 952 |
|
|
|a SNK
|b SNK
|y PREZ
|7 0
|p 17A0627011
|o snkSCD 2345/príl.
|i snk2009/13251
|8 0
|0 0
|1 0
|4 0
|d 2009-07-22
|l 0
|r 2026-02-24 03:36:59
|w 2026-02-24
|